000 00499nam a2200157 i 4500
001 33530
003 ES-MaACL
007 t|
008 030202s1981 sp ||||1| spa d
100 1 _aBigler, Gene E.
_928838
245 1 3 _aLa política y el capitalismo de Estado en Venezuela /
_cGene E. Bigler ; prólogo de José Antonio Gil Yepes.
260 _aMadrid :
_bTecnos,
_c[1981]
300 _a273 p. ;
_c24 cm.
700 1 _aGil Yepes, José Antonio.
_956902
852 _aES-MaACL
_jL-3355
_bR.103488
999 _c33530
_d33530